| 000 | 01322nam a22004570a 4500 | ||
|---|---|---|---|
| 001 | PT51700 | ||
| 003 | AR-LpoUNG | ||
| 005 | 20210131231440.0 | ||
| 008 | 191001s2013||||ag |||||||||||||||||spa d | ||
| 020 |
_a9789876144216 _c$17 |
||
| 040 |
_aAR-LpoUNG _bspa _cAR-LpoUNG _eaacr |
||
| 041 | _aspa | ||
| 044 | _aag | ||
| 082 | 0 | _aR305.8 394atl | |
| 100 | 1 |
_aDenis, Jean-Pierre _eed. |
|
| 245 | 1 | 3 |
_aEl atlas de las minorías : _bétnicas, nacionales, sociales, lingüísticas, religiosas, sexuales... |
| 250 | _a1ª ed. | ||
| 260 |
_aBuenos Aires : _bCapital Intelectual, _c2013. |
||
| 300 |
_a184 p. : _bil., gráfs., mapas |
||
| 650 | 4 | _aANALISIS ESTADISTICO | |
| 650 | 4 | _aANALISIS SOCIOLOGICO | |
| 650 | 4 | _aASPECTOS SOCIALES | |
| 650 | 4 | _aATLAS | |
| 650 | 4 | _aCOMPORTAMIENTO SEXUAL | |
| 650 | 4 | _aCUADROS ESTADISTICOS | |
| 650 | 4 | _aDATOS ESTADISTICOS | |
| 650 | 4 | _aDERECHOS HUMANOS | |
| 650 | 4 | _aDISTRIBUCION POR SEXO | |
| 650 | 4 | _aGLOBALIZACION | |
| 650 | 4 | _aGRUPOS ETNICOS | |
| 650 | 4 | _aMATERIAL DE REFERENCIA | |
| 650 | 4 | _aMINORIAS ETNICAS | |
| 650 | 4 | _aMINORIAS LINGÜISTICAS | |
| 650 | 4 | _aMINORIAS RELIGIOSAS | |
| 650 | 4 | _aSOCIEDAD CIVIL | |
| 651 | 4 | _aMundial | |
| 700 | 1 |
_aNouchi, Franck _eed. |
|
| 710 | 2 | _aLe Monde Diplomatique (París) | |
| 905 | _a51700 | ||
| 942 | _cLSALA | ||
| 999 |
_c10077 _d10077 |
||